| 000 | 00490nmc a2200193 a 4500 | ||
|---|---|---|---|
| 003 | AR-X00000XY | ||
| 005 | 20251128212008.0 | ||
| 008 | 077020s1967 ||||||||||||||000 | spa|| | ||
| 040 | _cAR-X00000XY | ||
| 245 | 1 | 0 | _aTangos |
| 260 |
_aMontevideo _bArca _c1967 |
||
| 300 | 0 | _a160 p. | |
| 490 | 0 |
_aBolsilibros Arca _v30 |
|
| 500 | 0 | _aCon anotaciones manuscritas de Alejandra Pizarnik | |
| 655 | _aLITERATURA | ||
| 700 | 1 |
_aVilariƱo, Idea _ecompilador |
|
| 942 | _cBK | ||
| 998 | _cmartin | ||
| 999 |
_c21979 _d21979 |
||